000 00625nam a2200205Ii 4500
003 JO-AjNU
008 230605s9999||||xx |||||||||||||| ||und||
017 _a1977/5431
040 _aJO-AjNU
_bara
_erda
_cJO-AjNU
041 _aara
050 1 4 _aBP166.73 1977
100 3 _aعبد القادر، محمد محمود,
_eauthor
_940109
245 0 0 _aبيولوجية الإيمان
264 3 1 _aالقاهرة: دار الشروق، 1977
300 _a112ص
336 _atext
_btxt
_2rdacontent
337 _aunmediated
_bn
_2rdamedia
338 _avolume
_bnc
_2rdacarrier
650 4 _aالايمان(اسلام)
_940110
999 _aA16994
_c20562
_d20562